L'état moderne et l'Eglise Catholique en Allemagne / (Record no. 165816)

MARC details
000 -LEADER
campo de control de longitud fija 00838nam a22002175i 4500
001 - NÚMERO DE CONTROL
campo de control 165816
003 - IDENTIFICADOR DE NÚMERO DE CONTROL
campo de control ES-MaACL
005 - FECHA Y HORA DE LA ÚLTIMA TRANSACCIÓN
campo de control 20250901063135.0
008 - DATOS DE LONGITUD FIJA--INFORMACIÓN GENERAL
campo de control de longitud fija 050907s1875 sz | |||||||| ||fre d
040 ## - FUENTE DE CATALOGACIÓN
Centro catalogador/agencia de origen CAM
Lengua de catalogación spa
Centro/agencia transcriptor CAM
100 1# - ENTRADA PRINCIPAL--NOMBRE DE PERSONA
Nombre de persona Stroehlin, Ernest
Fechas asociadas al nombre 1844-1907
9 (RLIN) 132924
245 12 - MENCIÓN DEL TÍTULO
Título L'état moderne et l'Eglise Catholique en Allemagne /
Mención de responsabilidad, etc. par Ernest Stroehlin.
260 ## - PUBLICACIÓN, DISTRIBUCIÓN, ETC.
Lugar de publicación, distribución, etc. Genève et Bale [etc] :
Nombre del editor, distribuidor, etc. H. Georg [etc],
Fecha de publicación, distribución, etc. 1875 (
Fabricante Imprimerie Ramboz et Schuchardt)
300 ## - DESCRIPCIÓN FÍSICA
Extensión v. ;
Dimensiones 23 cm.
505 8# - NOTA DE CONTENIDO CON FORMATO
Nota de contenido con formato Contiene: T.I : L'Allemagne sous le régime des Concordats 1742-1870 (XIX, 504 p.)
610 27 - PUNTO DE ACCESO ADICIONAL DE MATERIA--NOMBRE DE ENTIDAD CORPORATIVA
Nombre de entidad corporativa o nombre de jurisdicción como elemento de entrada Iglesia Católica-
Subdivisión geográfica Alemania
Fuente del encabezamiento o término
9 (RLIN) 159653
650 #0 - PUNTO DE ACCESO ADICIONAL DE MATERIA--TÉRMINO DE MATERIA
Término de materia o nombre geográfico como elemento de entrada Estado-
Subdivisión geográfica Alemania
9 (RLIN) 242153
752 ## - ENTRADA AGREGADA--NOMBRE JERÁRQUICO DEL LUGAR
País o entidad superior Suiza -
Ciudad Ginebra
852 ## - LOCALIZACIÓN
Ubicación ES-MaACL
Número de control de estantería G-10431
Nota libre -- Enc. hol.
condición física -- Sólo t.I (XIX, 504 p.)
Holdings
Estatus retirado Estado de pérdida Estado de daño No para préstamo Colección Biblioteca de origen Biblioteca actual Ubicación en estantería Fecha de adquisición Fuente de adquisición Total de préstamos Signatura topográfica completa Código de barras Visto por última vez Precio de reemplazo Tipo de ítem Koha
        Libros del s. XIX Biblioteca del Ateneo de Madrid Biblioteca del Ateneo de Madrid Sala Pecera Planta 3 17/01/2008     G-10431 1173894 23/02/2023 23/02/2023 Libro impreso antiguo